| 000 | 00784nam a2200217Ii 4500 | ||
|---|---|---|---|
| 003 | JO-AjNU | ||
| 008 | 230605s9999||||xx |||||||||||||| ||und|| | ||
| 017 | _a94/9488 | ||
| 020 | _a977-11-0900-6 | ||
| 040 |
_aJO-AjNU _bara _erda _cJO-AjNU |
||
| 041 | _aara | ||
| 050 | 1 | 4 | _aPJ6106.A9352 1994 |
| 100 | 3 |
_aتحقيق خفاجى،محمد عبد المنعم؛شرح محمدالسعديفرهود؛ تهذيب عبد العزيز شرف, _eauthor _920851 |
|
| 245 | 0 | 0 | _aالأزهرية في قواعد اللغة العربية |
| 264 | 3 | 1 | _aالقاهرة: مكتبة مصر، 1994 |
| 300 | _a226ص | ||
| 336 |
_atext _btxt _2rdacontent |
||
| 337 |
_aunmediated _bn _2rdamedia |
||
| 338 |
_avolume _bnc _2rdacarrier |
||
| 650 | 4 |
_aاللغة العربية-القواعد _920852 |
|
| 999 |
_aA7144 _c10712 _d10712 |
||